Auditoría de las áreas de la empresa (Registro nro. 12716)
[ vista simple ]
| 000 -Cabecera | |
|---|---|
| Campo de control de longitud fija | 01024nam a22003737a 4500 |
| 005 - Fecha y hora de la última transacción | |
| Campo de control | 20250204140307.0 |
| 008 - Elementos de longitud fija--Información general | |
| Campo de control de longitud fija | 200908b xxu||||| |||| 00| 0 spa d |
| 020 ## - International Standard Book Number | |
| Número Internacional Estándar del Libro (ISBN) | 9788491984900 |
| 041 ## - Idioma | |
| Código de idioma | |
| 082 ## - Clasificación Decimal Dewey | |
| Número de clasificación | 657.45 M765a |
| 100 ## - Entrada principal--Autor personal | |
| Nombre personal | Montaño Hormigo, Francisco Javier |
| 9 (RLIN) | 58411 |
| 245 ## - Título propiamente dicho | |
| Título | Auditoría de las áreas de la empresa |
| 250 ## - Edición | |
| Mención de edición | 2 edición |
| 260 ## - Pie de imprenta | |
| Lugar de publicación, distribución, etc. | España |
| 260 ## - Pie de imprenta | |
| Nombre del editor, distribuidor, etc. | IC Editorial |
| 260 ## - Pie de imprenta | |
| Fecha de publicación, distribución, etc. | 2019 |
| 300 ## - Descripción física | |
| Extensión | 308 páginas |
| 650 ## - Materia general | |
| Temática (materia general) | AUDITORÍA |
| 650 ## - Materia general | |
| Temática (materia general) | AUDITORÍA DEL ACTIVO |
| 650 ## - Materia general | |
| Temática (materia general) | AUDITORÍA DEL PATRIMONIO |
| 650 ## - Materia general | |
| Temática (materia general) | AUDITORÍA DEL PASIVO |
| 650 ## - Materia general | |
| Temática (materia general) | AUDITORÍA FISCAL |
| 650 ## - Materia general | |
| Temática (materia general) | APLICACIONES INFORMÁTICAS |
| 650 ## - Materia general | |
| Temática (materia general) | CUENTAS ANUALES |
| 650 ## - Materia general | |
| Temática (materia general) | INMOVILIZADO DE MATERIAL |
| 650 ## - Materia general | |
| Temática (materia general) | INMOVILIZADO INTANGIBLE |
| 650 ## - Materia general | |
| Temática (materia general) | ACTIVOS FINANCIEROS |
| 650 ## - Materia general | |
| Temática (materia general) | FONDOS PROPIOS |
| 650 ## - Materia general | |
| Temática (materia general) | PROVEEDORES |
| 650 ## - Materia general | |
| Temática (materia general) | CUENTAS POR PAGAR |
| 650 ## - Materia general | |
| Temática (materia general) | PROVISIONES |
| 650 ## - Materia general | |
| Temática (materia general) | ESTADO DE FLUJO DE EFECTIVO |
| 942 ## - Punto de acceso adicional KOHA | |
| Tipo de ítem KOHA | Libro |
| Fuente del sistema de clasificación o colocación | Dewey Decimal Classification |
| Signatura completa | Código de barras | Tipo de ítem |
|---|---|---|
| 657.45 M765a | 25072 | Libro |